000 00513nam a2200181Ia 4500
005 20250326142250.0
008 250326s9999 xx 000 0 und d
037 _aTextbook
040 _aFMSL
_beng
_cFMSL
041 _aeng
_2eng
084 _aX:89A M8
_qFMSL
100 _aO'grady P J
_9745838
245 0 _aPutting the just in time philosophy into practice
_cO'grady P J
260 _aLondon
_bLondon, Kogan Page
_c1988
300 _a138p
942 _cTB
_hX:89A M8
999 _c1294203
_d1294203